STRUCTURED COMPUTER ORGANIZATION (Record no. 20028)

MARC details
000 -LEADER
fixed length control field 00234nam a22001097a 4500
003 - CONTROL NUMBER IDENTIFIER
control field SGT
100 ## - MAIN ENTRY--PERSONAL NAME
Personal name TANENBAUM, A.S.
245 ## - TITLE STATEMENT
Title STRUCTURED COMPUTER ORGANIZATION
250 ## - EDITION STATEMENT
Edition statement 5TH E.D.
260 ## - PUBLICATION, DISTRIBUTION, ETC. (IMPRINT)
Place of publication, distribution, etc NEW DELHI
Name of publisher, distributor, etc PHI
942 ## - ADDED ENTRY ELEMENTS (KOHA)
Source of classification or shelving scheme Dewey Decimal Classification
Koha item type CDs & DVDs
Holdings
Withdrawn status Lost status Source of classification or shelving scheme Damaged status Not for loan Collection code Home library Current library Shelving location Date acquired SGTU Total Checkouts Accession No. (Barcode) Date last seen Bill Date Koha item type
    Dewey Decimal Classification     ENGINEERING SGT Engineering Library SGT Engineering Library On Display 16/05/2020 SGTU   FECD326 16/05/2020 16/05/2020 CDs & DVDs
    Dewey Decimal Classification     ENGINEERING SGT Engineering Library SGT Engineering Library On Display 16/05/2020 SGTU   FECD327 16/05/2020 16/05/2020 CDs & DVDs
    Dewey Decimal Classification     ENGINEERING SGT Engineering Library SGT Engineering Library On Display 16/05/2020 SGTU   FECD328 16/05/2020 16/05/2020 CDs & DVDs
    Dewey Decimal Classification     ENGINEERING SGT Engineering Library SGT Engineering Library On Display 16/05/2020 SGTU   FECD329 16/05/2020 16/05/2020 CDs & DVDs